| 000 | 00000nam##2200000za#4500 |
| 001 | 9.634672 |
| 003 | CaOODSP |
| 005 | 20210624215904 |
| 007 | cr ||||||||||| |
| 008 | 150407|2007||||xxc|||||o f|0| 0 fre|d |
| 020 | |a978-0-662-07371-0 |
| 040 | |aCaOODSP|bfre |
| 043 | |an-cn--- |
| 086 | 1 |aM144-173/2007F-PDF |
| 110 | 1 |aCanada.|bRessources naturelles Canada. |bOffice de l'efficacité énergétique. |
| 245 | 10|aProgrammes écoÉNERGIE pour les bâtiments |h[ressource électronique] |
| 260 | |aOttawa - Ontario : |bRessources naturelles Canada. |cc2007. |
| 300 | |a1p. |
| 500 | |aEn tête du titre : écoÉNERGIE une initiative d'écoACTION. |
| 590 | |a13-24-Supp|b2013-10-18 |
| 691 | 07|aRendement énergétique|2gcpds |
| 775 | 08|tecoENERGY programs for buildings |w(CaOODSP)9.690305 |
| 856 | 40|ahttp://publications.gc.ca|qPDF|s142 Ko|uhttps://publications.gc.ca/collections/collection_2013/rncan-nrcan/M144-173-2007-fra.pdf |